<?xml version="1.0" encoding="UTF-8"?>
<record
    xmlns:xsi="http://www.w3.org/2001/XMLSchema-instance"
    xsi:schemaLocation="http://www.loc.gov/MARC21/slim http://www.loc.gov/standards/marcxml/schema/MARC21slim.xsd"
    xmlns="http://www.loc.gov/MARC21/slim">

  <leader>00893nam a2200253 a 4500</leader>
  <controlfield tag="001">1433</controlfield>
  <controlfield tag="003">BR-CuiBMT</controlfield>
  <controlfield tag="005">20231209135132.0</controlfield>
  <controlfield tag="008">231209s2006    alb           000 0 por d</controlfield>
  <datafield tag="020" ind1=" " ind2=" ">
    <subfield code="a">9788570185181</subfield>
  </datafield>
  <datafield tag="040" ind1=" " ind2=" ">
    <subfield code="a">BR-CuiBMT</subfield>
    <subfield code="c">BR-CuiBMT</subfield>
  </datafield>
  <datafield tag="080" ind1=" " ind2=" ">
    <subfield code="2">2007</subfield>
    <subfield code="a">7.046</subfield>
    <subfield code="x">(813.5)</subfield>
  </datafield>
  <datafield tag="090" ind1=" " ind2=" ">
    <subfield code="a">7.046(813.5)</subfield>
    <subfield code="b">T312a</subfield>
  </datafield>
  <datafield tag="100" ind1="1" ind2=" ">
    <subfield code="a">Ten&#xF3;rio, Douglas Apratto, </subfield>
    <subfield code="d">1945-</subfield>
  </datafield>
  <datafield tag="245" ind1="1" ind2="0">
    <subfield code="a">Arte sacra de Alagoas :</subfield>
    <subfield code="b">um tesouro da mem&#xF3;ria /</subfield>
    <subfield code="c">Douglas Apratto Ten&#xF3;rio ; Leda Maria de Almeida ; Carmem L&#xFA;cia Dantas.</subfield>
  </datafield>
  <datafield tag="260" ind1=" " ind2=" ">
    <subfield code="a">Bras&#xED;lia :</subfield>
    <subfield code="b">Senado Federal,</subfield>
    <subfield code="b">Conselho Editorial,</subfield>
    <subfield code="c">2006.</subfield>
  </datafield>
  <datafield tag="300" ind1=" " ind2=" ">
    <subfield code="a">109 p. :</subfield>
    <subfield code="b">il. color. ;</subfield>
    <subfield code="c">28 cm</subfield>
  </datafield>
  <datafield tag="490" ind1="1" ind2=" ">
    <subfield code="a">Edi&#xE7;&#xF5;es do Senado Federal ;</subfield>
    <subfield code="v">v. 75</subfield>
  </datafield>
  <datafield tag="650" ind1=" " ind2=" ">
    <subfield code="a">Arte religiosa</subfield>
    <subfield code="z">Alagoas</subfield>
  </datafield>
  <datafield tag="700" ind1="1" ind2=" ">
    <subfield code="a">Almeida, Leda Maria de</subfield>
  </datafield>
  <datafield tag="710" ind1="1" ind2=" ">
    <subfield code="a"> Dantas, Carmen L&#xFA;cia Tavares Almeida,</subfield>
    <subfield code="b">1945-</subfield>
  </datafield>
  <datafield tag="830" ind1=" " ind2="0">
    <subfield code="a">Edi&#xE7;&#xF5;es do Senado Federal ;</subfield>
    <subfield code="v">75</subfield>
  </datafield>
  <datafield tag="942" ind1=" " ind2=" ">
    <subfield code="2">udc</subfield>
    <subfield code="c">LV</subfield>
  </datafield>
  <datafield tag="952" ind1=" " ind2=" ">
    <subfield code="0">0</subfield>
    <subfield code="1">0</subfield>
    <subfield code="2">udc</subfield>
    <subfield code="4">0</subfield>
    <subfield code="7">0</subfield>
    <subfield code="a">BIBTCEMT</subfield>
    <subfield code="b">BIBTCEMT</subfield>
    <subfield code="d">2023-12-09</subfield>
    <subfield code="l">0</subfield>
    <subfield code="o">7.046(813.5) T312a</subfield>
    <subfield code="p">BIBTCEMT23120323</subfield>
    <subfield code="r">2023-12-09</subfield>
    <subfield code="t">Ex. 1</subfield>
    <subfield code="w">2023-12-09</subfield>
    <subfield code="y">LV</subfield>
  </datafield>
  <datafield tag="999" ind1=" " ind2=" ">
    <subfield code="c">1433</subfield>
    <subfield code="d">1433</subfield>
  </datafield>
</record>
